Elementos para una estrategia del desarrollo rural en América Latina en la década de los setenta

Guardat en:
Dades bibliogràfiques
Format: Text
Etiquetes: Afegir etiqueta
Sense etiquetes, Sigues el primer a etiquetar aquest registre!

MARC

LEADER 00000 a a2200000 04500
001 4908
003
040
245 |a Elementos para una estrategia del desarrollo rural en América Latina en la década de los setenta  
773 |g volumen 6, número 1; páginas 5-32  
999 |c 39690  |d 39690